Welcome to the Holygrace Academy Library

Please use search bar below to get started

PANI THEERATHA VEEDU (Record no. 5049)

MARC details
000 -LEADER
fixed length control field 00446nam a22001457a 4500
020 ## - INTERNATIONAL STANDARD BOOK NUMBER
ISBN 978-81-300-1120-2
082 ## - DEWEY DECIMAL CLASSIFICATION NUMBER
Classification number 894.812.3
Item number PAR/P
100 ## - MAIN ENTRY--AUTHOR NAME
Personal name PARAPPURATTH
245 ## - TITLE STATEMENT
Title PANI THEERATHA VEEDU
260 ## - PUBLICATION, DISTRIBUTION, ETC. (IMPRINT)
Place of publication KOZHIKODE
Name of publisher POORNAPUBLICATIONS
Year of publication 2015
300 ## - PHYSICAL DESCRIPTION
Number of Pages 180
520 ## - SUMMARY, ETC.
Summary, etc Jose's ambition in life is completing the construction of his pani theeratha veedu (unfinished house) in their village in Kerala.
650 ## - SUBJECT ADDED ENTRY--TOPICAL TERM
Topical Term NOVEL
942 ## - ADDED ENTRY ELEMENTS (KOHA)
Koha item type Books
Holdings
Withdrawn status Lost status Collection code Home library Current library Shelving location Date acquired Source of acquisition Cost, normal purchase price Full call number Accession Number Koha item type
    Fiction Main Library Main Library SHELF-16- J- MALAYALAM NOVELS,FICTIONS 23/07/2019 Purchase 130.00 894.812.3 PAR/P 11472 Books